| 000 | 01228 a2200217 4500 | ||
|---|---|---|---|
| 003 | Nust | ||
| 005 | 20221110120235.0 | ||
| 010 | _a 92011860 | ||
| 020 | _a0387978372 (New York) | ||
| 020 | _a084451960x | ||
| 040 | _cNust | ||
| 082 | 0 | 0 | _a512,USI |
| 100 | 1 |
_a Usiskin,Zalman P _9102498 |
|
| 245 | 1 | 0 |
_aAdvanced algebra _bwith transformations and applications / _c Zalman P Usiskin, |
| 260 |
_aNew York : _b Laidlaw brothers _cc1992. |
||
| 300 |
_axii, 612p. : _bill. ; _c25 cm. |
||
| 440 | 0 |
_aGraduate texts in mathematics ; _v135 _995739 |
|
| 505 | _aAddition And Multiplication Of Real Number (Page-1), Further Properties Of Real Numbers (Page-34), Applications And Modeling (Page-60), Transformations (Page-86), Matrices (Page-125), Linear And Circles (Page-150), Systems (Page-181), Rotations Sine’s And Cosines (Page-204), Mid-Course Review (Page-228), The Complex Number (Page-265), Quadratic Sentence (Page-297), Quadratic Relations (Page-325), Functions (Page-367), Exponential Functions (Page-406), Trigonometry And Circles (Page-449), Advanced Manipulative Tech (Page-485), Sequences, Sims And Statistics (Page-528), Summary (Page-580). | ||
| 650 | 0 |
_aAlgebras, Linear. _910720 |
|
| 942 |
_2ddc _cBK _k512,USI |
||
| 999 |
_c181725 _d181725 |
||